000 01893nam1a2200265 i 4500
001 RU\NLR\BIBL_A\011705630
005 20260408111950.0
035 _a(NLR Aleph) 011705630
090 _a11408585
_c11408585
100 _a20180420g20179999k y0rusy50 ca
101 0 _arus
_deng
102 _aRU
105 _a z
200 1 _aОбщие и региональные проблемы минералогии
_e[Всероссийская юбилейная научная конференция с международным участием, 17-19 мая 2017 г.
_eсборник материалов]
_fРоссийское минералогическое общество, Томское отделение, Томский государственный архитектурно-строительный университет
_g[редакционная коллегия: А.В. Мананков (гл. редактор) и др.]
210 _aТомск
_cКрасное знамя - филиал ФГБУ "РЭА" Минэнерго России
_d2017
215 _d21
606 _aМинералогия
_jСъезды, совещания и т.п
_92076039
_3RU\NLR\AUTH\661251144
686 1 _aД33я431(2)
702 1 _aМананков
_bА.В.
_f1939-
_gАнатолий Васильевич
_4340
711 1 2 _a"Общие и региональные проблемы минералогии", всероссийская юбилейная научная конференция с международным участием
_eТомск
_f2017
_9601548
_3RU\NLR\AUTH\880469827
712 0 2 _4570
_aРоссийское минералогическое общество
_cСанкт-Петербург
_bТомское отделение
_3RU\NLR\AUTH\880359059
_9385503
852 _aNLR
_j2018-3/11305
942 _cBOOK